000 01001nam a22002177a 4500
999 _c13333
_d13333
003 AR-CdUCM
008 190415b ||||| |||| 00| 0 spa d
040 _aMUNICIPALIDAD PROVINCIAL DEL CUSCO
_cBIBLIOTECA MUNICIPAL DEL CUSCO
082 _a985.613 /
_bT72
100 _aTorre Dueñas, Hernán de la
_931702
245 _aGeografía e historia de la Convención /
260 _aQuillabamba :
_bCIPESO,
_c2006.
300 _a130 páginas ;
_bcuadros, ilustraciones,
_c20 cm.
505 _aContenido: Aspectos geográficos de la Convención para su comprensión histórica -- La división política de la Convención -- Ecología y recursos naturales -- Actividades económicas en la Convención y su capital Quillabamba -- Manifestaciones socioculturales en al provincia de la Convención ...
650 _aHistoria
_9136
650 _aPerú
_935
650 _aLa Convención
_98740
700 _aTorre Mayorga, Fructuosa de la (coautor)
_931703
942 _2ddc
_cLIBROS
945 _aachl
_d2019-04-15